Optimisation Using Models

Na minha lista:
Detalhes bibliográficos
Autor principal: Jankaj, Frederik, 1997-
Formato: Capítulo de Livro
Idioma:inglês
Assuntos:
Tags: Adicionar Tag
Sem tags, seja o primeiro a adicionar uma tag!

MARC

LEADER 00000naa$a2200000$$$4500
001 0292072
005 20240502074501.0
041 0 |a eng 
044 |a SK 
245 1 0 |a Optimisation Using Models  |c Frederik Jankaj 
500 |a Abstrakt 
610 2 0 |a modely ekonomické 
610 2 0 |a optimalizácia 
610 2 0 |a simulácia 
610 2 0 |a riadenie 
100 1 |a Jankaj, Frederik, 1997-